Normal view
MARC view
- شلقامى، شحاته غريب محمد
Entry Personal Name
001 - CONTROL NUMBER
- control field: 53119
003 - CONTROL NUMBER IDENTIFIER
- control field: JO-AjAnu
005 - DATE AND TIME OF LATEST TRANSACTION
- control field: 20230606082727.0
008 - FIXED-LENGTH DATA ELEMENTS
- fixed length control field: 230606|| aca||aabn | a|a d
040 ## - CATALOGING SOURCE
- Original cataloging agency: JO-AjAnu
- Transcribing agency: JO-AjAnu
100 ## - HEADING--PERSONAL NAME
- Personal name: شلقامى، شحاته غريب محمد
670 ## - SOURCE DATA FOUND
- Source citation: Work cat.: (JO-AjAnu)27140: شلقامى، شحاته غريب محمد, author, الاستملاك وتداعياته القانونية : دراسة تحليلية في القانون المدني وقوانين نزع الملكية وأحكام القضاء في مصر والبحرين